| 000 | 01232cam a22003011ia4500 | ||
|---|---|---|---|
| 003 | SA-RiAUC | ||
| 005 | 20250115054612.0 | ||
| 008 | 250115s1985 le g b 001 0 ara c | ||
| 040 |
_aOM-MuSQU _bara _cSA-RiAUC _erda |
||
| 043 | _af-ti--- | ||
| 082 | 0 | 4 |
_a961.1 _qSA-RiAUC |
| 090 |
_a961.1 _bو ز ي |
||
| 100 | 1 |
_a الوزير، محمد بن محمد بن مصطفى، _d1070-1149 هجري _eمؤلف. |
|
| 245 | 1 | 2 |
_aالحلل السندسية في الأخبار التونسية / _cتأليف أبي عبد الله محمد بن محمد بن مصطفى الأندلسي ؛ تقديم محمد الحبيب الهيلة. |
| 250 | _aالطبعة الأولى. | ||
| 264 | 1 |
_aبيروت : _bدار الغرب الإسلامي، _c1985 |
|
| 300 |
_a3 مجلد ؛ _c24 سم |
||
| 336 |
_aنص _btxt _2rdacontent _3كتاب |
||
| 337 |
_aبدون وسيط _bn _2rdamedia |
||
| 338 |
_aمجلد _bnc _2rdacarrier |
||
| 500 | _aيشتمل على كشافات. | ||
| 504 | _aببليوجرافية : صفحة 7-33. | ||
| 590 | _aحميد. | ||
| 651 | 7 |
_aتونس _xتاريخ _2aucsh |
|
| 700 | 1 |
_aالهيلة، محمد الحبيب، _d1931- _eمقدم. |
|
| 942 |
_2ddc _cBOOK |
||
| 949 |
_aSA-JeALM _d250115 _ukhaled123 _n1 |
||
| 999 |
_c4803 _d4803 |
||